[Event "GER-ch Net Amateur Gr-B Vor2"]
[Site "Playchess.com INT"]
[Date "2020.04.15"]
[Round "7"]
[White "Hoke, Adrian Neo"]
[Black "Lange, Martin"]
[Result "1-0"]
[WhiteElo "1673"]
[BlackElo "1580"]
[PlyCount "85"]
[EventDate "2020.04.15"]
[EventType "swiss (blitz)"]
[EventRounds "9"]
[EventCountry "GER"]
[SourceTitle "CBM 196 Extra"]
[Source "ChessBase"]
[SourceDate "2020.07.31"]
[SourceVersion "1"]
[SourceVersionDate "2020.07.31"]
[SourceQuality "1"]

1. e4 e6 2. d4 d5 3. Nd2 Nf6 4. e5 Nfd7 5. Bd3 c5 6. c3 Nc6 7. Ne2 cxd4 8. cxd4 f6 9. exf6 Nxf6 10. 0-0 Bd6 11. Nf3 0-0 12. Bg5 Bd7 13. Nc3 Be8 14. Qc2 h6 15. Bh4 Bh5 16. Rfe1 Bxf3 17. gxf3 Qd7 18. Bg6 Ne7 19. Re2 Nxg6 20. Qxg6 Rae8 21. Rae1 Qf7 22. Qxf7+ Kxf7 23. Bxf6 gxf6 24. h3 a6 25. Re3 Rg8+ 26. Kf1 Rg6 27. Nxd5 Reg8 28. Nc3 Rg1+ 29. Ke2 Rxe1+ 30. Kxe1 Rg1+ 31. Ke2 Rh1 32. Ne4 Bf4 33. Rc3 Rxh3 34. Rb3 b5 35. Ra3 Bc1 36. Rxa6 Bxb2 37. Rb6 Bxd4 38. Rxb5 Rh2 39. Rb4 Be5 40. Rb7+ Kg6 41. a4 Rh1 42. a5 Rb1 43. Rxb1 1-0

[Event "GER-ch Net Amateur Gr-B Vor2"]
[Site "Playchess.com INT"]
[Date "2020.04.15"]
[Round "4"]
[White "Lange, Martin"]
[Black "Friedrich, Karl"]
[Result "0-1"]
[WhiteElo "1580"]
[BlackElo "1663"]
[PlyCount "56"]
[EventDate "2020.04.15"]
[EventType "swiss (blitz)"]
[EventRounds "9"]
[EventCountry "GER"]
[SourceTitle "CBM 196 Extra"]
[Source "ChessBase"]
[SourceDate "2020.07.31"]
[SourceVersion "1"]
[SourceVersionDate "2020.07.31"]
[SourceQuality "1"]

1. e4 e6 2. d4 d5 3. Nd2 Nf6 4. e5 Nfd7 5. Ndf3 c5 6. c3 Nc6 7. Ne2 a6 8. a3 b5 9. b4 cxd4 10. cxd4 Be7 11. Nc3 0-0 12. Bd3 f6 13. exf6 Nxf6 14. Bg5 Bd7 15. Bb1 Rc8 16. Qd3 g6 17. h4 Nh5 18. Bh6 Nf4 19. Bxf4 Rxf4 20. g3 Rf7 21. 0-0 Qf8 22. Ne5 Nxe5 23. dxe5 Rf3 24. Qe2 Rcxc3 25. h5 g5 26. Kg2 g4 27. a4 Qh6 28. axb5 Bxb5 0-1

[Event "GER-ch Net Amateur Gr-B Vor1"]
[Site "Playchess.com INT"]
[Date "2020.04.14"]
[Round "8"]
[White "Oddey, Dieter"]
[Black "Lange, Martin"]
[Result "0-1"]
[WhiteElo "1512"]
[BlackElo "1607"]
[PlyCount "82"]
[EventDate "2020.04.14"]
[EventType "swiss (blitz)"]
[EventRounds "9"]
[EventCountry "GER"]
[SourceTitle "EXT 2021"]
[Source "ChessBase"]
[SourceDate "2020.10.23"]
[SourceVersion "1"]
[SourceVersionDate "2020.10.23"]
[SourceQuality "1"]

1. c4 Nf6 2. Nc3 d5 3. cxd5 Nxd5 4. g3 g6 5. Bg2 Nb6 6. e3 Bg7 7. d4 0-0 8. Nge2 Nc6 9. b3 Na5 10. 0-0 c6 11. Bb2 Bg4 12. f3 Bd7 13. Ne4 Nd5 14. Qd2 b6 15. N2c3 Rc8 16. Rac1 Re8 17. Nxd5 cxd5 18. Nc3 e6 19. e4 dxe4 20. fxe4 Bc6 21. d5 exd5 22. exd5 Bd7 23. Qf4 Rf8 24. Qd2 Nb7 25. Ne4 Bf5 26. Bxg7 Kxg7 27. Qd4+ f6 28. Ng5 Rxc1 29. Rxc1 Nc5 30. Rd1 h6 31. Nf3 Re8 32. b4 Re4 33. Qc3 Na4 34. Qc6 Bd7 35. Qb7 Rxb4 36. Qxa7 Nc3 37. Rd3 Rb1+ 38. Bf1 Ne2+ 39. Kf2 Nc1 40. Rc3 Rb2+ 41. Kg1 Qe7 0-1

[Event "Eschborn op"]
[Site "Eschborn"]
[Date "2017.10.14"]
[Round "1"]
[White "Giebitz, Walter"]
[Black "Lange, Martin"]
[Result "0-1"]
[WhiteElo "1231"]
[BlackElo "1716"]
[PlyCount "53"]
[EventDate "2017.10.13"]
[EventType "swiss"]
[EventRounds "5"]
[EventCountry "GER"]
[SourceTitle "EXT 2019"]
[Source "ChessBase"]
[SourceDate "2018.10.10"]
[SourceVersion "1"]
[SourceVersionDate "2018.10.10"]
[SourceQuality "1"]

1. e4 e6 2. Nf3 d5 3. exd5 exd5 4. d4 Bd6 5. Nc3 Ne7 6. Be2 Bf5 7. 0-0 0-0 8. b3 c6 9. Bb2 Nd7 10. Bd3 Nf6 11. Bxf5 Nxf5 12. Qd3 Nh6 13. Rfe1 Kh8 14. Re2 Qc7 15. g3 Rae8 16. Rae1 Nhg8 17. Rxe8 Rxe8 18. Rxe8 Nxe8 19. Bc1 Qe7 20. Qe2 f6 21. Nh4 g6 22. Qxe7 Nxe7 23. Ne2 Kg7 24. h3 Nc7 25. a4 Ne8 26. Ng2 h6 27. Bf4 0-1

[Event "Leipzig VfB op 22nd"]
[Site "Leipzig"]
[Date "2015.03.08"]
[Round "9"]
[White "Lange, Martin"]
[Black "Pauscher, Wolfgang"]
[Result "1/2-1/2"]
[WhiteElo "1869"]
[BlackElo "1796"]
[PlyCount "120"]
[EventDate "2015.03.03"]
[EventType "swiss"]
[EventRounds "9"]
[EventCountry "GER"]
[SourceTitle "EXT 2016"]
[Source "ChessBase"]
[SourceDate "2015.10.08"]
[SourceVersion "1"]
[SourceVersionDate "2015.10.08"]
[SourceQuality "1"]

1. e4 c5 2. Nf3 Nc6 3. d4 cxd4 4. Nxd4 e5 5. Nb3 Nf6 6. Bc4 Be7 7. 0-0 0-0 8. Re1 a6 9. a4 b6 10. Bg5 Qc7 11. Qe2 Bb7 12. Nc3 Nb4 13. Rac1 Rfc8 14. Nd2 d6 15. Bb3 h6 16. Bh4 Rd8 17. Bg3 Rac8 18. Kh1 Nc6 19. Bc4 Nb4 20. h3 Re8 21. Bb3 Nc6 22. Qe3 Na5 23. Ba2 Nc6 24. Bh4 Nb4 25. Bb3 Nxe4 26. Ncxe4 Bxh4 27. Nf3 Be7 28. Ng3 Nd5 29. Qd2 Nf4 30. Kh2 Bf6 31. Ne2 Nxe2 32. Rxe2 e4 33. Rce1 d5+ 34. Kg1 Bxb2 35. c4 dxc4 36. Qxb2 cxb3 37. Qxb3 Red8 38. Nd2 Rd3 39. Qb1 Rd4 40. Nxe4 Qc6 41. f3 Rxa4 42. Nd6 Rf8 43. Nxb7 Qxb7 44. Re8 g6 45. Qb2 f6 46. Qb3+ Qf7 47. Qxf7+ Kxf7 48. R8e7+ Kg8 49. Rb7 Rf7 50. Rxb6 a5 51. Re8+ Kg7 52. Ra8 Re7 53. Raa6 Rf7 54. Rb5 Ra2 55. Kh2 h5 56. Rbxa5 Rxa5 57. Rxa5 Rd7 58. h4 Kf7 59. Kg3 Ke6 60. Ra4 Rd5 1/2-1/2

[Event "Leipzig VfB op 22nd"]
[Site "Leipzig"]
[Date "2015.03.07"]
[Round "7"]
[White "Lange, Martin"]
[Black "Gerhardt, Dirk"]
[Result "1/2-1/2"]
[WhiteElo "1869"]
[BlackElo "1976"]
[PlyCount "135"]
[EventDate "2015.03.03"]
[EventType "swiss"]
[EventRounds "9"]
[EventCountry "GER"]
[SourceTitle "EXT 2016"]
[Source "ChessBase"]
[SourceDate "2015.10.08"]
[SourceVersion "1"]
[SourceVersionDate "2015.10.08"]
[SourceQuality "1"]

1. e4 g6 2. g3 Bg7 3. Bg2 c5 4. Nf3 Nc6 5. 0-0 d6 6. c3 e5 7. d3 Nge7 8. Be3 0-0 9. d4 exd4 10. cxd4 Qb6 11. Nbd2 cxd4 12. Bf4 Ne5 13. Rb1 N7c6 14. Qa4 Be6 15. Qa3 Rfd8 16. Rfc1 Nb4 17. Nxd4 Nxa2 18. Be3 Qa6 19. Qxa6 bxa6 20. Nxe6 fxe6 21. Rc7 Rdc8 22. Rxc8+ Rxc8 23. Bf1 Nb4 24. Kg2 d5 25. h3 Ned3 26. Bxa7 Bxb2 27. exd5 exd5 28. Be3 a5 29. Rd1 a4 30. Nb1 Ne5 31. Bd4 Rc2 32. Bb5 Bxd4 33. Rxd4 Rb2 34. Rd1 Kf7 35. Bxa4 Nbd3 36. Nd2 Nc4 37. Nxc4 dxc4 38. Kg1 Nxf2 39. Rc1 Nxh3+ 40. Kf1 Rb4 41. Rxc4 Rxc4 42. Bb3 Kf6 43. Bxc4 Ng5 44. Kg2 h6 45. Ba6 Ne4 46. Kf3 Nd6 47. Kf4 g5+ 48. Kg4 Ne4 49. Bb7 h5+ 50. Kxh5 Nxg3+ 51. Kg4 Nf5 52. Bc8 Ne7 53. Bd7 Kg6 54. Be8+ Kf6 55. Bd7 Ng8 56. Bc8 Nh6+ 57. Kg3 Ke5 58. Bd7 Kf6 59. Bc8 Nf5+ 60. Kg4 Nd6 61. Bd7 Nc4 62. Bc8 Ne5+ 63. Kg3 Ke7 64. Bh3 Kd6 65. Bc8 Kd5 66. Bb7+ Kd4 67. Bc8 Ke4 68. Bb7+ 1/2-1/2

[Event "Leipzig VfB op 22nd"]
[Site "Leipzig"]
[Date "2015.03.04"]
[Round "2"]
[White "Lange, Martin"]
[Black "Huelle, Gunter"]
[Result "1-0"]
[WhiteElo "1869"]
[BlackElo "1754"]
[PlyCount "67"]
[EventDate "2015.03.03"]
[EventType "swiss"]
[EventRounds "9"]
[EventCountry "GER"]
[SourceTitle "EXT 2016"]
[Source "ChessBase"]
[SourceDate "2015.10.08"]
[SourceVersion "1"]
[SourceVersionDate "2015.10.08"]
[SourceQuality "1"]

1. e4 e6 2. d4 d5 3. exd5 exd5 4. Nf3 Bf5 5. Be2 Bd6 6. c4 dxc4 7. 0-0 Ne7 8. Nc3 c6 9. a4 h6 10. Bxc4 0-0 11. Re1 Nd7 12. Ne4 Bb4 13. Bd2 Bxd2 14. Qxd2 Nb6 15. Bb3 Nbd5 16. a5 Qc7 17. Nc5 b6 18. Nd3 Be6 19. Ra3 Qd6 20. Rea1 Nc7 21. Bxe6 Qxe6 22. Qc2 Nb5 23. Ra4 Rad8 24. Re1 Qf6 25. Nde5 Qd6 26. Rc4 Rc8 27. Rc1 Rfd8 28. axb6 axb6 29. h3 f6 30. Nxc6 Rxc6 31. Rxc6 Nxc6 32. Qxc6 Nxd4 33. Qc4+ Qd5 34. Nxd4 1-0

[Event "Leipzig VfB op 21st"]
[Site "Leipzig"]
[Date "2014.03.08"]
[Round "7"]
[White "Lange, Martin"]
[Black "Weber, Katja"]
[Result "1-0"]
[WhiteElo "1872"]
[BlackElo "1515"]
[PlyCount "119"]
[EventDate "2014.03.04"]
[EventType "tourn"]
[EventRounds "9"]
[EventCountry "GER"]
[SourceTitle "CBM 159 Extra"]
[Source "ChessBase"]
[SourceDate "2014.04.24"]
[SourceVersion "1"]
[SourceVersionDate "2014.04.24"]
[SourceQuality "1"]

1. e4 d5 2. exd5 Qxd5 3. Nc3 Qa5 4. Bc4 c6 5. h3 Bf5 6. Nf3 Nf6 7. 0-0 e6 8. d4 Bd6 9. Bd2 Qc7 10. Re1 0-0 11. Nh4 Bg6 12. Nxg6 hxg6 13. Qf3 Nbd7 14. Rad1 Nb6 15. Bf1 Nbd5 16. Ne4 Nxe4 17. Qxe4 Nf6 18. Qh4 Nh5 19. Be2 Be7 20. Qe4 Nf6 21. Qf3 Qb6 22. Bc1 Rad8 23. c3 Bd6 24. a3 Bb8 25. b4 Qc7 26. g3 Nd5 27. c4 Ne7 28. Bf4 Qd7 29. g4 Bxf4 30. Qxf4 f5 31. Qg5 Qe8 32. Rd2 Nc8 33. Bf3 Nd6 34. Rde2 Nxc4 35. Rxe6 Qf7 36. Re7 Qf6 37. Qxf6 Rxf6 38. Rxb7 Nd2 39. Bd1 Rf7 40. Ree7 Rxe7 41. Rxe7 Rxd4 42. Rxa7 Rd3 43. Kg2 Nc4 44. Be2 Rc3 45. Bxc4+ Rxc4 46. g5 Rc3 47. f3 f4 48. h4 Rd3 49. a4 Rb3 50. Rb7 c5 51. b5 c4 52. Rc7 c3 53. Kh3 c2 54. Rxc2 Rxf3+ 55. Kg4 Rf1 56. b6 f3 57. Kg3 Rb1 58. a5 Rb3 59. Ra2 Kf7 60. a6 1-0

[Event "Bremen-ch op"]
[Site "Bremen"]
[Date "2012.04.01"]
[Round "2"]
[White "Lange, Martin"]
[Black "Gerken, Juergen"]
[Result "1-0"]
[WhiteElo "1827"]
[BlackElo "1612"]
[PlyCount "55"]
[EventDate "2012.03.31"]
[EventType "swiss"]
[EventRounds "9"]
[EventCountry "GER"]
[SourceTitle "EXT 2022"]
[Source "ChessBase"]
[SourceDate "2021.10.06"]
[SourceVersion "1"]
[SourceVersionDate "2021.10.06"]
[SourceQuality "1"]

1. e4 d5 2. exd5 Qxd5 3. Nc3 Qa5 4. Bc4 c6 5. Nge2 Bf5 6. 0-0 Nf6 7. d3 e6 8. Nd4 Nbd7 9. Bd2 Bg6 10. Nd5 Qd8 11. Nf4 Nd5 12. Re1 Nxf4 13. Bxf4 Qf6 14. Nxe6 fxe6 15. Rxe6+ Qxe6 16. Bxe6 0-0-0 17. c3 Be7 18. Qa4 Bc5 19. b4 Bb6 20. b5 Rhe8 21. Bxd7+ Rxd7 22. bxc6 Rde7 23. h3 Bxd3 24. cxb7+ Kxb7 25. Rd1 Bxf2+ 26. Kxf2 Re2+ 27. Kg3 Bf5 28. Qb5+ 1-0

[Event "Leipzig VfB op 19th"]
[Site "Leipzig"]
[Date "2012.03.11"]
[Round "9"]
[White "Hiemer, Bernd"]
[Black "Lange, Martin"]
[Result "1-0"]
[WhiteElo "2012"]
[BlackElo "1835"]
[PlyCount "87"]
[EventDate "2012.03.06"]
[EventType "swiss"]
[EventRounds "9"]
[EventCountry "GER"]
[SourceTitle "CBM 147 Extra"]
[Source "ChessBase"]
[SourceDate "2012.04.24"]
[SourceVersion "1"]
[SourceVersionDate "2012.04.24"]
[SourceQuality "1"]

1. e4 e6 2. d3 Nc6 3. Nd2 d5 4. g3 g6 5. Bg2 Bg7 6. Ngf3 dxe4 7. dxe4 e5 8. 0-0 Nf6 9. c3 Qe7 10. b4 Bg4 11. Qa4 Nd7 12. Qc2 Nd8 13. Nc4 f6 14. Ne3 Bxf3 15. Bxf3 c6 16. a4 Bh6 17. Rd1 Nf7 18. Be2 0-0 19. Bc4 Kg7 20. Bb3 Rfd8 21. Qe2 Nb6 22. Re1 Rac8 23. a5 Nd7 24. Qg4 Bxe3 25. Bxe3 c5 26. Be6 h5 27. Qh3 Ng5 28. Bxg5 fxg5 29. Bxd7 Rxd7 30. Rab1 c4 31. Qf1 Rd3 32. Rbc1 Qd7 33. Qe2 Rd8 34. Qa2 Qf7 35. Qa4 h4 36. Qb5 Re8 37. Rcd1 Qf3 38. Rxd3 cxd3 39. Qxe8 d2 40. Qd7+ Kh6 41. Qxd2 h3 42. Kf1 Qh1+ 43. Ke2 Qxh2 44. Qd8 1-0

[Event "Leipzig VfB op 19th"]
[Site "Leipzig"]
[Date "2012.03.10"]
[Round "7"]
[White "Lange, Martin"]
[Black "Schreiter, Thomas"]
[Result "1-0"]
[WhiteElo "1835"]
[BlackElo "2115"]
[PlyCount "78"]
[EventDate "2012.03.06"]
[EventType "swiss"]
[EventRounds "9"]
[EventCountry "GER"]
[SourceTitle "CBM 147 Extra"]
[Source "ChessBase"]
[SourceDate "2012.04.24"]
[SourceVersion "1"]
[SourceVersionDate "2012.04.24"]
[SourceQuality "1"]

1. e4 e6 2. Nc3 d5 3. exd5 exd5 4. d4 c6 5. Nf3 Bd6 6. Bg5 Ne7 7. h3 Qc7 8. Bd3 Be6 9. Qd2 Nd7 10. a3 h6 11. Be3 Nf5 12. 0-0-0 0-0-0 13. Kb1 Rde8 14. g4 Nxe3 15. fxe3 Nf6 16. Rde1 Rd8 17. Rhf1 Rhe8 18. Re2 a6 19. Na4 Ne4 20. Bxe4 dxe4 21. Nh4 Bc4 22. Ref2 Bxf1 23. Rxf1 g6 24. b4 Kb8 25. c4 Qe7 26. Qe1 b5 27. Nc5 Bxc5 28. bxc5 Rd7 29. cxb5 axb5 30. Rf4 Ra7 31. Qf2 g5 32. Rf6 gxh4 33. Rxc6 Qg5 34. Qh2+ Ka8 35. Qd6 Qd8 36. Qxh6 Qd5 37. Kb2 Qd7 38. Rb6 Re6 39. c6 Qc7 1-0

[Event "Leipzig VfB op 19th"]
[Site "Leipzig"]
[Date "2012.03.08"]
[Round "5"]
[White "Lange, Martin"]
[Black "Pohl, Gunnar"]
[Result "0-1"]
[WhiteElo "1835"]
[BlackElo "1919"]
[PlyCount "120"]
[EventDate "2012.03.06"]
[EventType "swiss"]
[EventRounds "9"]
[EventCountry "GER"]
[SourceTitle "CBM 147 Extra"]
[Source "ChessBase"]
[SourceDate "2012.04.24"]
[SourceVersion "1"]
[SourceVersionDate "2012.04.24"]
[SourceQuality "1"]

1. e4 e5 2. f4 d5 3. exd5 e4 4. Nc3 Nf6 5. Bb5+ c6 6. dxc6 bxc6 7. Ba4 Bc5 8. d4 Bxd4 9. Nge2 Bb6 10. Qxd8+ Kxd8 11. Nd1 Ba6 12. b3 Nbd7 13. b4 Kc7 14. Bb3 Nd5 15. a3 Bxe2 16. Kxe2 f5 17. Rf1 Bd4 18. Bb2 Bxb2 19. Nxb2 Rhe8 20. Nd1 a5 21. c4 N5f6 22. Ne3 g6 23. Nc2 Rab8 24. Ba2 e3 25. Rf3 Re4 26. Rxe3 Rxf4 27. Bb3 Re4 28. Rxe4 Nxe4 29. Ke3 Re8 30. Nd4 a4 31. Bc2 Nd6+ 32. Kf2 Nxc4 33. Bxa4 Nde5 34. Bb3 Ng4+ 35. Kg1 Re4 36. Bxc4 Rxd4 37. Be2 Nf6 38. Rc1 Kb6 39. Rc2 Ne4 40. Bf3 Rd3 41. Ra2 Rb3 42. Ra1 Nc3 43. Re1 Rxa3 44. Re6 Ne4 45. Bxe4 fxe4 46. Rxe4 Rb3 47. Re7 h5 48. Rg7 Rxb4 49. Rxg6 Rd4 50. Kf2 Kb5 51. Rg5+ Rd5 52. Rxd5+ cxd5 53. Ke3 Kc4 54. Kd2 Kd4 55. h3 h4 56. Ke2 Ke4 57. Ke1 Kf4 58. Ke2 Kg3 59. Kf1 d4 60. Kg1 d3 0-1

[Event "Leipzig VfB op 19th"]
[Site "Leipzig"]
[Date "2012.03.07"]
[Round "3"]
[White "Lange, Martin"]
[Black "Mueller, Marius"]
[Result "0-1"]
[WhiteElo "1835"]
[BlackElo "2000"]
[PlyCount "86"]
[EventDate "2012.03.06"]
[EventType "swiss"]
[EventRounds "9"]
[EventCountry "GER"]
[SourceTitle "CBM 147 Extra"]
[Source "ChessBase"]
[SourceDate "2012.04.24"]
[SourceVersion "1"]
[SourceVersionDate "2012.04.24"]
[SourceQuality "1"]

1. e4 c5 2. Nf3 d6 3. b3 Nf6 4. Nc3 a6 5. d4 cxd4 6. Nxd4 Qa5 7. Qd2 b5 8. Nd5 Qd8 9. Nxf6+ gxf6 10. c4 bxc4 11. Bxc4 e6 12. Ba3 Bb7 13. Bd3 Rg8 14. f3 Qb6 15. Bb2 Nd7 16. g3 Ne5 17. Be2 d5 18. exd5 Bxd5 19. 0-0 Bc5 20. Kg2 Rd8 21. b4 Bxb4 22. Qc2 Rg6 23. Qa4+ Kf8 24. Qxa6 Qxa6 25. Bxa6 Bc4 26. Bxc4 Nxc4 27. Nc6 Ne3+ 28. Kh1 Rd2 29. Rfe1 Rh6 30. h4 Nf5 31. Bxf6 Nxg3+ 32. Kg1 Bc5+ 33. Bd4 Bxd4+ 34. Nxd4 Rxh4 35. Ne2 Nxe2+ 36. Kf2 Nc3+ 37. Kg3 Rhh2 38. a4 Nd5 39. f4 Rdf2 40. f5 Rhg2+ 41. Kh3 Nf4+ 42. Kh4 exf5 43. Rh1 Rg4# 0-1